000 01927cam a2200385 i 4500
001 17449711
003 CO-MdFUSB
005 20211016112905.0
008 120831t2013 us ab g 000 0 eng
010 _a 2012035778
020 _a9780078021466
020 _a0078021464
040 _aDLC
_cCO-MdFUSB
_dDLC
_bspa
_erda
041 _aeng
042 _apcc
082 0 0 _224
_aR 304.2
_bF319h
245 1 0 _aHuman geography :
_blandscapes of human activities /
_cJerome D. Fellmann, Mark D. Bjelland, Daniel R. Montello, Arthur Getis, Judith Getis
250 _aTwelfth edition
264 1 _aNew York :
_bMcGraw Hill,
_c[2012]
264 4 _c© 2013
300 _axix, 503 páginas :
_bilustraciones de color, mapas de color ;
_c29 cm.
336 _2rdacontent
_atexto
_btxt
337 _2rdamedia
_asin mediación
_bn
338 _2rdacarrier
_avolumen
_bnc
501 _aIncluye índice (páginas 492- 503)
505 _aIntroducción: algunos fundamentos básicos -- Raíces y significado de la cultura -- Interacción espacial y comportamiento espacial -- Población: Pautas del mundo, tendencias regionales -- Lengua y religión: Mosaicos de la cultura -- Geografía étnica: Temas de diversidad -- Identidades culturales y paisajes culturales: Diversidad y uniformidad -- Geografía económica: Actividades principales -- Geografía económica: Fabricación y servicios -- Desarrollo económico y cambio -- Sistemas urbanos y estructuradores urbanos -- El ordenamiento político del espacio -- Impactos humanos en el medio ambiente
653 _aGeografía Humana
700 1 _aFellmann, Jerome Donald,
_d1926-
906 _a7
_bcbc
_corignew
_d1
_eecip
_f20
_gy-gencatlg
942 _cREF
945 _aEstudiante
999 _c64888
_d64888